Представление документа в формате RUSMARC

ПолеНазваниеЗначение
  Тип записи a
  Библиографический уровень m
001 Контрольный номер UONB/MAIN/3d67333eb8764608bba13d4801de4b07
005 Дата корректировки 20240131005937.5
010 Индекс ISBN __
d Цена 70 к.
9 Тираж 300 экз.
100 Данные общей обработки __
a Данные общей обработки 20231013d1988 m y0rusy0189## ca
101 Язык документа 0_
a Язык текста rus
102 Страна публикации __
a Страна публикации RU
105 Кодированные данные (монография) __
a Кодированные данные (монография) a z 001yy
200 Заглавие и сведения об ответственности 1_
a Заглавие Средства повышения эксплуатационных качеств машинно-тракторных агрегатов
e Сведения, относящиеся к заглавию сб. науч. тр.
f Первые сведения об ответственности Волгогр. с.-х. ин-т
g Последующие сведения об ответственности гл. ред. А.М. Гаврилов [и др.]
210 Выходные данные 1_
a Место издания Волгоград
c Издательство ВСХИ
d Дата издания 1988
215 Физическое описание __
a Объем 151, [1] с.
c Иллюстрации/тип воспроизводства ил.
d Формат 21 см
320 Библиография __
a Библиография Библиогр. в конце ст.
606 Тематические рубрики 0_
a Основная рубрика Тракторные агрегаты
x Основная подрубрика Технико-экплуатационные характеристики
j Формальный подзаголовок Сборники
610 Ключевые слова 0_
a Ключевые слова тракторные агрегаты; эксплуатационные качества тракторных агрегатов; сборники; эксплуатационные характеристики машинно-тракторных агрегатов
675 Индекс УДК __
a Индекс УДК 631.32-082
686 Индексы других классификаций __
a Классификационный индекс 40.72-082
2 Код системы rubbk
702 Вторичная интеллектуальная ответственность _1
a Фамилия Гаврилов
b Имя (инициалы) А.М.
g Полное личное имя Алексей Максимович
4 Код отношения 340
801 Источник записи _0
a Страна RU
b Организация Ульяновская ОНБ
c Дата составления 20231013
g Правила каталогизации RCR
801 Источник записи _1
a Страна RU
b Организация Ульяновская ОНБ
c Дата составления 20231013
g Правила каталогизации RCR
901 Тип документа __
t Тип документа m
909 Создатель записи __
a Создатель записи Седова
b Дата создания записи 20231013